00201 a2200109 4500001000700000020000600007040001100013100002500024240001900049245001400068362000900082177183 a  cMagnum aLima, Maria Luisa A.10aFantasmaslpor10aFantasmas0 a1899